Tourism and migration : exploring the relationship between two global phenomena
Αποθηκεύτηκε σε:
| Συγγραφή απο Οργανισμό/Αρχή: | |
|---|---|
| Μορφή: | Βιβλίο |
| Γλώσσα: | English |
| Δημοσίευση: |
Madrid, Spain :
World Tourism Organization,
c2009
|
| Θέματα: | |
| Ετικέτες: |
Προσθήκη ετικέτας
Δεν υπάρχουν, Καταχωρήστε ετικέτα πρώτοι!
|
MARC
| LEADER | 00000cam a2200000 i 4500 | ||
|---|---|---|---|
| 001 | 1/10226 | ||
| 008 | 100915s2009 eng d | ||
| 020 | |a 978-92-844-1314-0 | ||
| 035 | |l 10108934 | ||
| 040 | |a GR-MY-UA |b gre |e aacr | ||
| 041 | 0 | |a eng | |
| 082 | 0 | |a 338.4791 |2 (22) | |
| 110 | 2 | |a World Tourism Organization. | |
| 245 | 1 | 0 | |a Tourism and migration : |b exploring the relationship between two global phenomena / |c World Tourism Organization |
| 260 | |a Madrid, Spain : |b World Tourism Organization, |c c2009 | ||
| 300 | |a xiii, 76 σ.; |b πίν., σχέδια; |c 29 εκ. | ||
| 504 | |a Βιβλιογραφία: σ. 67-76 | ||
| 650 | 0 | 0 | |a Tourism. |
| 650 | 0 | 0 | |a Emigration and immigration |x Economic aspects. |
| 650 | 0 | 0 | |a Emigration and immigration |x Social aspects. |
| 852 | |a INST |b CHIOS |e 20100915 |h 338.4791 WOR |p 005200031423 |q 005200031423 |t BK |y 0 | ||
| 901 | |a BIBL2-2010-3 | ||
| 909 | |a Χ |b 149059 | ||
| 970 | |a ΣΑΛΑΜΟΥΡΑ |b ΜΑΡΙΑ |z 2010/09/15 | ||